000 00940cam a22002175a 4500
001 L158225
008 141017s1982 xxk f 000 0 eng d
035 _a(Sirsi) u158225
041 0 _aeng
110 2 _aRoyal Institution of Chartered Surveyors. Scottish Branch. Planning and Development Division
_9961
245 4 _aThe development plan system
_ba guide to practitioners
260 _aEdinburgh
_bRICS
_c1982
300 _a32p., 30cm
490 0 _aPractice Note No 3 (Scotland)
520 _aOffers advice on the implications of development plans and opportunities for making objections or representations about proposals in structure or local plans. Describes the development plan system, the main steps in the preparation and adoption of structure and local plans nad review procedures.
590 _aKA
650 2 4 _aLOCAL DEVELOPMENT PLANS
651 4 _aScotland
690 _aPlanning and development
_96259
942 _n0
999 _c115209
_d115209